000 00424nam a2200145Ia 4500
008 100204s9999 xx 000 0 und d
082 _b7996
100 _aशहा सुभाष
245 _aशाही गूढ
260 _b"रावजी प्रकाशन , डोंबिवली"
_c1985
300 _a163
630 _aशाही गूढ
730 _aशाही गूढ
942 _cBOOK
999 _c452432
_d452429